Landlocked Irish Counties - Sudden Death - Statistics

General Stats
  • This quiz has been taken 124 times
  • The average score is 4 of 13
Answers on the Grid
Answers color-coded by a green-red scale on the quiz's grid according to % correct below.
Antrim
Armagh
Carlow
Cavan
Clare
Cork
Derry
Donegal
Down
Dublin
Fermanagh
Galway
Kerry
Kildare
Kilkenny
Laois
Leitrim
Limerick
Longford
Louth
Mayo
Meath
Monaghan
Offaly
Roscommon
Sligo
Tipperary
Tyrone
Waterford
Westmeath
Wexford
Wicklow
 
Answer Stats
Answer % Correct
Cavan
54%
Kildare
46%
Fermanagh
42%
Carlow
40%
Laois
38%
Offaly
33%
Tipperary
33%
Longford
29%
Monaghan
29%
Westmeath
29%
Armagh
25%
Roscommon
25%
Tyrone
17%
No matching quizzes found
Score Distribution
Percent of People with Each Score
Percentile by Number Answered
Your Score History
You have not taken this quiz